Statistics for Top 50 Countries With The Highest BMI

Click here to take the quiz!

General Stats

  • This quiz has been taken 66 times
  • The average score is 33 of 50

Answer Stats

BMICountries% Correct
28.5United States
98%
27.3United Kingdom
94%
27.1Canada
86%
28.4Mexico
84%
27.2Australia
82%
27.7Ireland
82%
28.6Saudi Arabia
82%
29.1United Arab Emirates
82%
29.2Tuvalu
80%
27.9New Zealand
78%
29.4Palau
78%
29.3Qatar
78%
29.2Egypt
76%
28.1Iraq
76%
32.5Nauru
76%
27.8Turkey
76%
31.9Tonga
75%
27.9Argentina
73%
31.7Kuwait
73%
30.3Samoa
71%
28.2Bahrain
69%
29.4FS Micronesia
69%
27.8Chile
67%
27.3Greece
67%
29.2Marshall Islands
67%
27.2Fiji
65%
29.6Kiribati
65%
28.1Lebanon
65%
27.2Venezuela
65%
28.0Syria
63%
28.7Barbados
59%
27.1Panama
59%
29.8Saint Kitts and Nevis
59%
28.7Trinidad and Tobago
59%
27.4Uruguay
59%
28.9Jordan
55%
28.5Libya
55%
29.6Saint Lucia
55%
27.3Saint Vincent and the Grenadines
55%
28.9Bahamas
53%
28.8Belize
51%
28.1Antigua and Barbuda
49%
27.0Dominica
49%
27.4El Salvador
49%
27.3Malta
49%
27.3South Africa
47%
27.4Suriname
45%
27.4Azerbaijan
39%
27.4Kazakhstan
33%
27.5Andorra
29%

Score Distribution

Percentile by Number Answered

Percent of People with Each Score

Your Score History

You have not taken this quiz